JetPunk will be down very briefly at 3:00PM EST (12:00PM PST, 8:00PM GST)

Statistics for Barbados Country Quiz

Click here to take the quiz!

General Stats

  • This quiz has been taken 283 times
  • The average score is 13 of 20

Answer Stats

QuestionAnswer% Correct
What major sea is Barbados situated in?Caribbean Sea
100%
What is the official language of Barbados?English
100%
From what country did Barbados gain its independence in 1966?United Kingdom
99%
What Barbadian pop singer has sung song such as "Diamonds" and "Umbrella"?Rihanna
90%
What is the most popular and national sport of Barbados?Cricket
89%
What European country claimed Barbados between 1532 - 1620?Portugal
85%
What type of natural disaster devastated the country in 1955?Hurricane
81%
What popular alcoholic drink was first created in Barbados?Rum
79%
What is the currency of Barbados?Barbadian Dollar
78%
What is the capital of Barbados?Bridgetown
76%
What American leader visited Barbados in 1751 - apparently the only country he visited
outside of the present United States?
George Washington
74%
What is the closest mainland country to Barbados?Venezuela
74%
What was the main export and producing product of Barbados during its colonial era?Sugar
70%
The island was originally named "Los Barbados" by the first captain of that country who
arrived in the island. What does it mean?
{Bearded} One
53%
To what Christian denomination do about 40% of the population belong?Anglican
40%
In what multi-national team does Barbados compete against other countries?West Indies
38%
What is the name of the administrative divisions Barbados is divided into?Parish
30%
What is the colloquial name for someone from Barbados?Bajan
26%
By what nickname if Barbados famously known?Land of the
{Flying} {Fish}
7%
What is the name of the epic carnival celebration that takes place in Barbados annually?Crop Over
7%

Score Distribution

Percentile by Number Answered

Percent of People with Each Score

Your Score History

You have not taken this quiz